[Event "IND-ch U17 Girls"]
[Site "Haryana"]
[Date "2018.09.04"]
[Round "2"]
[White "Parakh, Niyati"]
[Black "Mrudul, Dehankar"]
[Result "1/2-1/2"]
[WhiteElo "1585"]
[BlackElo "2065"]
[PlyCount "60"]
[EventDate "2018.09.03"]
[EventType "swiss"]
[EventRounds "11"]
[EventCountry "IND"]
[SourceTitle "CBM 186 Extra"]
[Source "ChessBase"]
[SourceDate "2018.08.24"]
[SourceVersion "1"]
[SourceVersionDate "2018.08.24"]
[SourceQuality "1"]

1. d4 Nf6 2. c4 e6 3. Nc3 Bb4 4. Qc2 0-0 5. a3 Bxc3+ 6. Qxc3 b6 7. Bg5 Bb7 8. e3 h6 9. Bh4 g5 10. Bg3 Ne4 11. Qc2 f5 12. Ne2 d6 13. f3 Nxg3 14. Nxg3 Qf6 15. Bd3 Nd7 16. 0-0 c5 17. d5 Ne5 18. dxe6 f4 19. exf4 gxf4 20. Ne4 Qxe6 21. Rac1 Rad8 22. Nd2 d5 23. cxd5 Qxd5 24. Bc4 Nxc4 25. Qg6+ Kh8 26. Qxh6+ Kg8 27. Qg6+ Kh8 28. Qh6+ Kg8 29. Qg6+ Kh8 30. Qh6+ Kg8 1/2-1/2